000 00383nam a2200145Ia 4500
008 230917s9999||||xx |||||||||||||| ||und||
040 _e143003
_aMAIN
041 _aEnglish
082 _a070.01 A81T
100 _aAhuja, B N
245 0 _aTheory and practice of journalism: Set to Indian context
260 _aDelhi
_bSurjeet Publications
_c1979
300 _a375 p.
942 _cBK
999 _c210891
_d210891